00502cam a2200181ua 45000010005000000080039000050200018000440400009000620820008000711000045000792450068001242500009001922600033002013000017002346530013002516530022002646530034002862579110827n ii |||gr||||Z||||||asm a81-7339-427-X cMAIN a4101 aDuttabaruah, Phanindra narayan,eAuthor.1 aAdhunik bhasa bigyan parichoicby Phanindra Narayan Duttabaruah a1st. aDibrugarh:bBanalata,c2006. a218p:c23cm. aLanguage aAssamese language aAdhunik bhasa bigyan parichoi